000 00677nam a2200229 i 4500
001 bg
100 1 _aSZYMAŃSKI, Edward.
245 1 0 _aMateriałoznawstwo budowlane z technologią betonu.
_nT. 1 /
_cEdward Szymański.
260 _aWarszawa :
_bOficyna Wydawnicza Politechniki Warszawskiej,
_c1999.
300 _a220 s. :
_brys. ;
_c24 cm.
504 _aBibliogr. przy rozdz.
650 9 _aBeton
_xtechnologia
650 9 _aMateriały budowlane
655 _aPodręczniki akademickie
020 _a837207139X
040 _cBPK
041 c _apl
080 _a691:666.9](075.8)
920 _a83-7207-139-X
942 _cKS
008 s pl f |000 0 pol
999 _c36856
_d36856
856 _uhttp://koha.tu.koszalin.pl/cgi-bin/koha/opac-detail.pl?biblionumber=36856
_yKatalog online BPK